Films >= 85 - Statistiques

Statistiques générales
  • Ce quiz a été pris 38 fois
  • Le résultat moyen est 12 sur 52
Statistiques - réponses
Note Indice/Genre Origine Réponse % Correct
90 Super-Héros États-Unis Avengers : Infinity War
74%
85 Super-Héros États-Unis Avengers
71%
93 Super-Héros États-Unis The Dark Knight
69%
85 Super-Héros États-Unis Iron Man 1
63%
93 Super-Héros États-Unis The Batman
60%
97 Science-Fiction États-Unis Interstellar
57%
88 Épouvante États-Unis Ça
49%
96 Science-Fiction États-Unis Inception
49%
95 Fantasy États-Unis/Nouvelle-Zélande Le Seigneur des anneaux : La Communauté de l'anneau
46%
91 Fantasy États-Unis/Nouvelle-Zélande Le Seigneur des anneaux : Les Deux Tours
46%
96 Fantasy États-Unis/Nouvelle-Zélande Seigneur des Anneaux : le Retour du Roi
46%
93 Western États-Unis Django Unchained
40%
92 Thriller Corée du Sud Parasite
40%
97 Science-Fiction États-Unis Avatar
37%
96 Drame États-Unis Forrest Gump
34%
94 Thriller États-Unis Pulp Fiction
34%
87 Action/Espionnage États-Unis 007 : Spectre
29%
95 Drame États-Unis La ligne verte
26%
95 Fantasy États-Unis/Nouvelle-Zélande Le Hobbit : La bataille des cinq armées
26%
95 Fantasy États-Unis/Nouvelle-Zélande Le Hobbit : La désolation de Smaug
26%
96 Fantasy États-Unis/Nouvelle-Zélande Le Hobbit : un Voyage Inattendu
26%
89 Super-Héros États-Unis Jurassic Park
20%
96 Drame Corée du Sud Oldboy
17%
89 Super-Héros États-Unis X-Men : Days of Future Past
17%
89 Super-Héros États-Unis Black Panther
14%
86 Science-Fiction États-Unis Blade Runner
14%
90 Super-Héros États-Unis Docteur Strange in the Multiverse of Madness
14%
92 Thriller États-Unis Le loup de Wall Street
14%
91 Thriller États-Unis Joker
11%
91 Super-Héros États-Unis Logan
11%
92 Fantasy États-Unis/Royaume-Uni Pirates des Caraïbes 1
11%
90 Fantasy États-Unis/Royaume-Uni Pirates des Caraïbes 2
11%
89 Fantasy États-Unis/Royaume-Uni Pirates des Caraïbes 3
11%
85 Épouvante États-Unis Us
11%
85 Thriller États-Unis Taxi Driver
9%
86 Thriller États-Unis Drive
6%
90 Épouvante États-Unis Get Out
6%
88 Science-Fiction États-Unis Blade Runner 2049
3%
87 Science-Fiction États-Unis her
3%
95 Aventure États-Unis/Royaume-Uni Sherlock Holmes : Jeu d'ombres
3%
96 Western États-Unis The Revenant
3%
87 Drame États-Unis The Social Network
3%
94 Science-Fiction États-Unis The Truman Show
3%
96 Drame États-Unis Whiplash
3%
94 Science-Fiction États-Unis Annihilation
0%
88 Science-Fiction États-Unis Arrival
0%
93 Thriller États-Unis Attrappe-moi si tu peux
0%
86 Super-Héros États-Unis Everything Everywhere All At Once
0%
88 Drame États-Unis/Suède Midsommar
0%
96 Drame Royaume-Uni Slumdog Millionnaire
0%
88 Action États-Unis/Royaume-Uni The Northman
0%
85 Comédie Française France Tout simplement noir
0%
Aucun quiz correspondant
Distribution des résultats
% des personnes avec chaque résultat
Percentile par nombre de réponses
Votre historique - résultats
Vous n’avez pas pris ce quiz